Statistics for Five Biggest Countries by Hemisphere

Click here to take the quiz!

General Stats

  • This quiz has been taken 205 times
  • The average score is 19 of 20

Answer Stats

HintAnswer% Correct
17,098,246Russia
100%
17,098,264Russia
100%
9,525,067United States
100%
9,525,067United States
100%
7,692,024Australia
99%
7,692,024Australia
99%
9,596,961China
99%
9.596.961China
99%
9,984,670Canada
98%
9,984,670Canada
98%
8,089,978Brazil
97%
8,515,767Brazil
97%
2,780,400Argentina
96%
2,780,900Argentina
96%
3,287,263India
92%
3,287,326India
92%
1,964,375Mexico
86%
1,433,198Indonesia
83%
2,724,900Kazakhstan
81%
1,406,194Democratic Republic of the Congo
80%

Score Distribution

Percentile by Number Answered

Percent of People with Each Score

Your Score History

You have not taken this quiz